Every NCAA Division I School in North Carolina - Statistics

General Stats
  • This quiz has been taken 67 times
    60 since last reset
  • The average score is 11 of 19
Answer Stats
Answer Conference % Correct
NC State ACC
97%
North Carolina ACC
97%
Duke ACC
95%
Wake Forest ACC
89%
East Carolina American
76%
UNC Wilmington CAA
73%
Charlotte American
68%
UNC Greensboro SoCon
68%
UNC Asheville Big South
59%
Appalachian State Sun Belt
57%
Davidson Atlantic 10
54%
Western Carolina SoCon
51%
Campbell CAA
41%
Elon CAA
38%
NC Central MEAC
38%
North Carolina A&T CAA
35%
Queens ASUN
32%
Gardner-Webb Big South
30%
High Point Big South
30%
No matching quizzes found
Score Distribution
Percent of People with Each Score
Percentile by Number Answered
Your Score History
You have not taken this quiz since the last reset